An integrated tool for ranking and selecting research and development projects /
محفوظ في:
| المؤلف الرئيسي: | |
|---|---|
| التنسيق: | أطروحة كتاب |
| اللغة: | English |
| منشور في: |
2010.
|
| الموضوعات: | |
| الوسوم: |
إضافة وسم
لا توجد وسوم, كن أول من يضع وسما على هذه التسجيلة!
|
| LEADER | 00974cam a2200241 a 4500 | ||
|---|---|---|---|
| 001 | u800157 | ||
| 003 | SIRSI | ||
| 005 | 201011091142 | ||
| 008 | 101109s2010 my a t 000 0 eng m | ||
| 040 | |a UMM. | ||
| 090 | |a QA76.758 |b UM 2010 Norha. | ||
| 100 | 0 | |a Nor Hafizah Adnan. | |
| 245 | 1 | 2 | |a An integrated tool for ranking and selecting research and development projects / |c Nor Hafizah binti Adnan. |
| 260 | |c 2010. | ||
| 300 | |a xiv, 172 leaves : |b ill. ; |c 30 cm. | ||
| 502 | |a Dissertation (M.comp.Sc) -- Jabatan Kejuruteraan Perisian, Fakulti Sains Komputer dan Teknologi Maklumat, Universiti Malaya, 2010. | ||
| 504 | |a Bibliography: leaves 169-172. | ||
| 650 | 0 | |a Information technology |x Management |x Research. | |
| 650 | 0 | |a Research and development projects. | |
| 710 | 2 | |a Universiti Malaya. |b Jabatan Kejuruteraan Perisian. | |
| 900 | |a NHS | ||
| 596 | |a 1 | ||
| 999 | |a QA76.758 UM 2010 NORHA |w LC |c 1 |i A514480172 |d 19/7/2011 |f 19/7/2011 |g 1 |l STACKS |m P01UTAMA |r Y |s Y |t TESIS |u 15/7/2011 | ||
